Guidelines For Quality Management In And Plant Labratories (Record no. 2301)

MARC details
000 -LEADER
fixed length control field 00314nam a22001337a 4500
020 ## - INTERNATIONAL STANDARD BOOK NUMBER
International Standard Book Number 978-8170352518
041 ## - LANGUAGE CODE
Language code of text/sound track or separate title ENG
100 ## - MAIN ENTRY--PERSONAL NAME
Personal name reeuwijk .L.P
245 ## - TITLE STATEMENT
Title Guidelines For Quality Management In And Plant Labratories
260 ## - PUBLICATION, DISTRIBUTION, ETC. (IMPRINT)
Place of publication, distribution, etc Rome .
Name of publisher, distributor, etc Fao
Date of publication, distribution, etc 1998
300 ## - PHYSICAL DESCRIPTION
Extent 143
650 ## - SUBJECT ADDED ENTRY--TOPICAL TERM
Topical term or geographic name as entry element FAO
856 ## - ELECTRONIC LOCATION AND ACCESS
Uniform Resource Identifier FAO ( 1 )
Holdings
Withdrawn status Lost status Source of classification or shelving scheme Damaged status Not for loan Home library Current library Shelving location Date acquired Cost, normal purchase price Total Checkouts Barcode Date last seen Price effective from Koha item type
    Dewey Decimal Classification     College of Agricultural Engineering and Technology, Dapoli , Library College of Agricultural Engineering and Technology, Dapoli , Library Book Cart 18/10/2021 1788.50   003098 18/10/2021 18/10/2021 Books
    Dewey Decimal Classification     College of Agricultural Engineering and Technology, Dapoli , Library College of Agricultural Engineering and Technology, Dapoli , Library Book Cart 18/10/2021     001482 18/10/2021 18/10/2021 Books

Contact Us: College of Agricultural Engineering and Technology, Dapoli, Dist.- Ratnagiri
Website: https://dbskkv.org Email: caetlibrary2015@gmail.com